000
00226 a2200097 4500
001
42931
100
_a
Ahmed G
245
_a
Pakistan meets Indian challenge
260
_a
Rawalpindi
_b
Al Mukhtar pub
_c
090
_c
26812
_d
26812
942
_a
NUST-CAE
_c
M
_c
18683
999
_c
278004
_d
278004